High Performance Computing - HiPC 2004 11th International Conference, Bangalore, India, December 19-22, 2004. Proceedings /

Bibliographic Details
Corporate Author: SpringerLink (Online service)
Other Authors: Bougé, Luc (Editor), Prasanna, Viktor K. (Editor)
Format: Electronic eBook
Language:English
Published: Berlin, Heidelberg : Springer Berlin Heidelberg, 2005.
Series:Lecture Notes in Computer Science, 3296
Subjects:
Online Access:Full Text via HEAL-Link
LEADER 06327nam a22005535i 4500
001 978-3-540-30474-6
003 DE-He213
005 20151204182512.0
007 cr nn 008mamaa
008 100715s2005 gw | s |||| 0|eng d
020 |a 9783540304746  |9 978-3-540-30474-6 
024 7 |a 10.1007/b104576  |2 doi 
040 |d GrThAP 
050 4 |a QA76.758 
072 7 |a UMZ  |2 bicssc 
072 7 |a UL  |2 bicssc 
072 7 |a COM051230  |2 bisacsh 
082 0 4 |a 005.1  |2 23 
245 1 0 |a High Performance Computing - HiPC 2004  |h [electronic resource] :  |b 11th International Conference, Bangalore, India, December 19-22, 2004. Proceedings /  |c edited by Luc Bougé, Viktor K. Prasanna. 
264 1 |a Berlin, Heidelberg :  |b Springer Berlin Heidelberg,  |c 2005. 
300 |a XXV, 530 p.  |b online resource. 
336 |a text  |b txt  |2 rdacontent 
337 |a computer  |b c  |2 rdamedia 
338 |a online resource  |b cr  |2 rdacarrier 
347 |a text file  |b PDF  |2 rda 
490 1 |a Lecture Notes in Computer Science,  |x 0302-9743 ;  |v 3296 
505 0 |a Keynote Addresses -- Rethinking Computer Architecture Research -- Event Servers for Crisis Management -- DIET: Building Problem Solving Environments for the Grid -- The Future Evolution of High-Performance Microprocessors -- Low Power Robust Computing -- Networks and Games -- Plenary Session - Best Papers -- An Incentive Driven Lookup Protocol for Chord-Based Peer-to-Peer (P2P) Networks -- A Novel Battery Aware MAC Protocol for Ad Hoc Wireless Networks -- Session I -Wireless Network Management -- Dynamic Topology Construction in Bluetooth Scatternets -- Efficient Secure Aggregation in Sensor Networks -- Optimal Access Control for an Integrated Voice/Data CDMA System -- Adaptive Load Balancing of Cellular CDMA Systems Considering Non-uniform Traffic Distributions -- An Active Framework for a WLAN Access Point Using Intel’s IXP1200 Network Processor -- MuSeQoR: Multi-path Failure-Tolerant Security-Aware QoS Routing in Ad Hoc Wireless Networks -- Session II - Compilers and Runtime Systems -- A Tunable Coarse-Grained Parallel Algorithm for Irregular Dynamic Programming Applications -- A Feedback-Based Adaptive Algorithm for Combined Scheduling with Fault-Tolerance in Real-Time Systems -- A Shared Memory Dispatching Approach for Partially Clairvoyant Schedulers -- Data Redistribution Algorithms for Homogeneous and Heterogeneous Processor Rings -- Effect of Optimizations on Performance of OpenMP Programs -- Sparse Matrices in Matlab*P: Design and Implementation -- Session III - High-Performance Scientific Applications -- Architecture and Early Performance of the New IBM HPS Fabric and Adapter -- Scheduling Many-Body Short Range MD Simulations on a Cluster of Workstations and Custom VLSI Hardware -- Performance Characteristics of a Cosmology Package on Leading HPC Architectures -- A Dynamic Geometry-Based Shared Space Interaction Framework for Parallel Scientific Applications -- Earthquake Engineering Problems in Parallel Neuro Environment -- Parallel Simulation of Carbon Nanotube Based Composites -- Session IV - Peer-to-Peer and Storage Systems -- Design of a Robust Search Algorithm for P2P Networks -- Efficient Immunization Algorithm for Peer-to-Peer Networks -- Leveraging Public Resource Pools to Improve the Service Compliances of Computing Utilities -- Plethora: An Efficient Wide-Area Storage System -- iSAN – An Intelligent Storage Area Network Architecture -- Session V - High-Performance Processors and Routers -- Static Techniques to Improve Power Efficiency of Branch Predictors -- Realistic Workload Scheduling Policies for Taming the Memory Bandwidth Bottleneck of SMPs -- A Parallel State Assignment Algorithm for Finite State Machines -- A Novel Scheme to Reduce Burst-Loss and Provide QoS in Optical Burst Switching Networks -- Single FU Bypass Networks for High Clock Rate Superscalar Processors -- DSP Implementation of Real-Time JPEG2000 Encoder Using Overlapped Block Transferring and Pipelined Processing -- Session VI - Grids and Storage Systems -- Dynamic Load Balancing for a Grid Application -- Load Balancing for Hierarchical Grid Computing: A Case Study -- A-FAST: Autonomous Flow Approach to Scheduling Tasks -- Integration of Scheduling and Replication in Data Grids -- Efficient Layout Transformation for Disk-Based Multidimensional Arrays -- Autonomic Storage System Based on Automatic Learning -- Session VII - Energy-Aware and High-Performance Networking -- Broadcast Based Cache Invalidation and Prefetching in Mobile Environment -- Efficient Algorithm for Energy Efficient Broadcasting in Linear Radio Networks -- Characterization of OpenMP Applications on the InfiniBand-Based Distributed Virtual Shared Memory System -- Fast and Scalable Startup of MPI Programs in InfiniBand Clusters -- Parallel Performance of Hierarchical Multipole Algorithms for Inductance Extraction -- Session VIII - Distributed Algorithms -- A New Adaptive Fault-Tolerant Routing Methodology for Direct Networks -- Fast and Efficient Submesh Determination in Faulty Tori -- High Performance Cycle Detection Scheme for Multiprocessing Systems -- Improved Quality of Solutions for Multiobjective Spanning Tree Problem Using Distributed Evolutionary Algorithm -- Simple Deadlock-Free Dynamic Network Reconfiguration -- Lock-Free Parallel Algorithms: An Experimental Study. 
650 0 |a Computer science. 
650 0 |a Computer organization. 
650 0 |a Software engineering. 
650 0 |a Computers. 
650 0 |a Algorithms. 
650 0 |a Computer science  |x Mathematics. 
650 1 4 |a Computer Science. 
650 2 4 |a Software Engineering/Programming and Operating Systems. 
650 2 4 |a Computer Systems Organization and Communication Networks. 
650 2 4 |a Algorithm Analysis and Problem Complexity. 
650 2 4 |a Computation by Abstract Devices. 
650 2 4 |a Mathematics of Computing. 
700 1 |a Bougé, Luc.  |e editor. 
700 1 |a Prasanna, Viktor K.  |e editor. 
710 2 |a SpringerLink (Online service) 
773 0 |t Springer eBooks 
776 0 8 |i Printed edition:  |z 9783540241294 
830 0 |a Lecture Notes in Computer Science,  |x 0302-9743 ;  |v 3296 
856 4 0 |u http://dx.doi.org/10.1007/b104576  |z Full Text via HEAL-Link 
912 |a ZDB-2-SCS 
912 |a ZDB-2-LNC 
950 |a Computer Science (Springer-11645)